[Event "SWE-chT 9596"]
[Site "?"]
[Date "1996.??.??"]
[Round "?"]
[White "Eriksson, Magnus"]
[Black "Ziegler, Ari"]
[Result "1-0"]
[WhiteElo "2360"]
[BlackElo "2440"]

1.Nf3 Nf6 2.c4 g6 3.Nc3 Bg7 4.e4 d6 5.d4 O-O 6.Be2 e5 7.O-O Nc6 8.Be3 Nh5
9.dxe5 dxe5 10.Qxd8 Nxd8 11.Nb5 Ne6 12.Nxa7 Nef4 13.Rfe1 Nxe2+ 14.Rxe2 Be6
15.b3 c6 16.Rd2 Nf6 17.Ng5 Bh6 18.h4 Bxg5 19.hxg5 Nxe4 20.Re2 Rfe8 21.f3 Ng3
22.Rd2 e4 23.Bb6 e3 24.Rd3 e2 25.Kf2 Nh5 26.Rd4 f5 27.Re1 f4 28.Rxe2 Kf7
29.a4 Bf5 30.Rxe8 Rxe8 31.Rd2 h6 32.Re2 hxg5 33.Rxe8 Kxe8 34.a5 Kd7 35.Ke2 g4
36.fxg4 Bxg4+ 37.Kd3 Bf5+ 38.Kd4 g5 39.b4 Ng3 40.Ke5 Bd3 41.b5 Bxc4 42.a6 bxa6
43.bxc6+ Ke7 44.Nc8+ Kf8 45.Nd6 Be2 46.c7 Bg4 47.Kf6 Bd7 48.Kxg5 Ke7 49.Bc5 Ke6
50.Kxf4 Kd5 51.Ba3 Ne2+ 52.Kg5 Nd4 53.c8=Q Bxc8 54.Nxc8 Nc2 55.Bc1 a5 56.g4 Ke6
57.Kh6 a4 58.g5 Nd4 59.Nb6 Kf7 60.Kh7 Nf5 61.g6+ Ke6 62.Nxa4  1-0

[Event "SWE-chT 9596"]
[Site "?"]
[Date "1996.??.??"]
[Round "?"]
[White "Holst, Conny"]
[Black "Jonsson, Mikael"]
[Result "1-0"]
[WhiteElo "2205"]
[BlackElo "2290"]

1.d4 Nf6 2.c4 g6 3.Nc3 Bg7 4.e4 d6 5.Nf3 O-O 6.Be2 e5 7.O-O Nc6 8.d5 Ne7
9.Ne1 Nd7 10.Be3 f5 11.f3 f4 12.Bf2 Nf6 13.a4 g5 14.a5 Ng6 15.c5 Rf7 16.Nd3 Bf8
17.Kh1 Rg7 18.a6 b6 19.cxb6 cxb6 20.Nb4 h5 21.Nb5 g4 22.Nc6 Qe8 23.Nbxa7 Raxa7
24.Nxa7 Rxa7 25.Bxb6 Ra8 26.Qb3 Nh4 27.Bf2 g3 28.hxg3 fxg3 29.Bxg3 Ng6 30.Bb5 Qe7
31.Rfc1 h4 32.Bf2 Nh5 33.Rxc8 Rxc8 34.a7 Ng3+ 35.Kh2 Ra8 36.Bc6 Nf4 37.Bxa8 Qg5
38.Qd1 Nge2 39.Qf1 Ng3 40.Qe1 Nge2 41.Qf1 Ng3 42.Qg1 Nge2 43.Bc6 Nxg1 44.Rxg1 Nd3
45.Bb6 Qg3+ 46.Kh1 Kh7 47.Bd7 Nf4 48.Bf5+ Kh6 49.a8=Q Bg7 50.Qg8  1-0

[Event "Tampere Elo Taraus op"]
[Site "Tampere"]
[Date "1996.??.??"]
[Round "1"]
[White "Niemela, Antti"]
[Black "Maki, Veijo"]
[Result "1-0"]
[WhiteElo "2220"]
[BlackElo "2420"]

1.d4 g6 2.c4 Nf6 3.Nc3 Bg7 4.e4 d6 5.Be2 O-O 6.Nf3 e5 7.O-O Nc6 8.d5 Ne7
9.Nd2 a5 10.a3 Nd7 11.Rb1 f5 12.b4 Kh8 13.f3 Ng8 14.Qc2 Ngf6 15.Bd3 f4 16.Be2 c6
17.dxc6 bxc6 18.b5 Nc5 19.bxc6 Qc7 20.Nb3 Qxc6 21.Rd1 a4 22.Nxc5 Qxc5+ 23.Kh1 Bd7
24.Nb5 Ra6 25.Bd2 g5 26.Bb4 Qf2 27.Bxd6 Nh5 28.Bd3 Qh4 29.c5 Rf6 30.Nc7 Raxd6
31.cxd6 Bf8 32.Bb5 Rh6 33.Bxd7 Ng3+ 34.Kg1 Ne2+ 35.Kf1 Qxh2 36.Kxe2 Qxg2+
37.Kd3 Qxf3+ 38.Kc4 Qxa3 39.Rd3  1-0

[Event "Tampere We TaSY op"]
[Site "Tampere"]
[Date "1996.??.??"]
[Round "3"]
[White "Tuominen, Risto"]
[Black "Saastamoinen, Aarne"]
[Result "0-1"]
[WhiteElo "2105"]
[BlackElo "2180"]

1.d4 Nf6 2.c4 g6 3.Nc3 Bg7 4.e4 d6 5.Be2 O-O 6.Nf3 e5 7.O-O Nc6 8.d5 Ne7
9.Ne1 Nd7 10.Be3 f5 11.f3 f4 12.Bf2 Nf6 13.c5 g5 14.a4 h5 15.Rc1 a6 16.a5 Qe8
17.cxd6 cxd6 18.Na4 g4 19.Kh1 h4 20.Nb6 Rb8 21.Bxh4 Qh5 22.Nxc8 Rbxc8 23.Rxc8 Rxc8
24.Bf2 g3 25.Bg1 Kf7 26.Nd3 Rh8 27.Qd2 Qg5 28.Qb4 Rxh2+  0-1

[Event "EU-ch U20 Girls"]
[Site "Tapolca"]
[Date "1996.??.??"]
[Round "3"]
[White "Zhurina, Elizaveta"]
[Black "Decsey, Katalin"]
[Result "1/2-1/2"]
[WhiteElo "2310"]
[BlackElo "2005"]

1.d4 Nf6 2.Nf3 d6 3.c4 g6 4.Nc3 Bg7 5.e4 O-O 6.Be2 e5 7.O-O Nc6 8.d5 Ne7
9.Ne1 Ne8 10.Nd3 f5 11.Bd2 f4 12.Bg4 Nf6 13.Bxc8 Rxc8 14.f3 g5 15.g4 h5 16.h3 Kf7
17.Kg2 Rh8 18.Be1 Qd7 19.Bf2 b6 20.Qa4 hxg4 21.hxg4 Qxa4 22.Nxa4 Nd7 23.b4 c5
24.dxc6 Nxc6 25.Nc3 Ke6 26.Rac1 Ne7 27.Nb2 Rh6 28.Rfd1 Nc6 29.Nb5 Bf8 30.a3 Be7
31.Nd3 Rch8 32.Kf1 Rh1+ 33.Ke2 Rxd1 34.Rxd1 Rh2 35.Ne1 a5 36.Nc2 Ndb8 37.Nc7+ Kf7
38.Nd5 Bd8 39.Rd2 Nd7 40.Kf1 axb4 41.axb4 Ne7 42.Nc3 Ke6 43.Na3 Nc6 44.Nab5 Nxb4
45.Rxd6+ Ke7 46.Kg1 Rh8 47.Nd5+ Nxd5 48.exd5 Rg8 49.Re6+ Kf8 50.Nd6 Be7 51.Nc8 Bc5
52.Nxb6 Bxb6 53.Bxb6 Kf7 54.Bc7 Rc8 55.Rc6 Re8 56.Rh6 Nc5 57.Bb6 Na4 58.Bf2 Rc8
59.Re6 Rxc4 60.Rxe5 Kf6 61.Re6+ Kf7 62.Re1 Rc3 63.Ra1 Rc4 64.Rb1 Ke7 65.Rb7+ Kd6
66.Rg7 Kxd5 67.Rxg5+ Ke6 68.Ra5 Nc3 69.Ra6+ Kf7 70.Kg2 Nd5 71.Rd6 Ne7 72.g5 Rb4
73.Bd4 Rb5 74.g6+ Ke8 75.Kh3 Rg5 76.Kh4 Rxg6  1/2-1/2

[Event "EU-ch U20 Girls"]
[Site "Tapolca"]
[Date "1996.??.??"]
[Round "7"]
[White "Smokina, Karolina"]
[Black "Ipavec, Petra"]
[Result "1-0"]
[WhiteElo "2180"]
[BlackElo "2070"]

1.c4 Nf6 2.Nc3 g6 3.e4 d6 4.d4 Bg7 5.Be2 O-O 6.Nf3 e5 7.O-O Nc6 8.d5 Ne7
9.Ne1 Nd7 10.Be3 f5 11.f3 f4 12.Bf2 g5 13.g4 fxg3 14.hxg3 Ng6 15.Qd2 Rf7
16.b4 Bf8 17.Ng2 Rg7 18.Ne3 Nf6 19.Nf5 Bxf5 20.exf5 Nf4 21.Kh2 Qe8 22.Rh1 g4
23.Ne4 Nxe4 24.fxe4 Nh3 25.Be3 Be7 26.Raf1 Bf6 27.Kg2 h5 28.c5 h4 29.Bh6 Bg5
30.Bxg5 Rxg5 31.gxh4 Rg7 32.Kg3 Nf4 33.f6 Rh7 34.Bxg4 Qg6 35.Rxf4 exf4+ 36.Qxf4 Rf8
37.Rf1 Rh6 38.Qg5 Kh8 39.f7 Qg7 40.Qxg7+ Kxg7 41.Be6 Rfh8 42.Rf4 Rg6+ 43.Rg4 Rxg4+
44.Kxg4 Kf6 45.h5 Rf8 46.Kf4 Rh8 47.a4 b6 48.cxd6 cxd6 49.Ke3 Ke7 50.h6 Rxh6
51.e5 Rh8 52.exd6+ Kxd6 53.Kd3 Ke5 54.Kc4 a6 55.a5 bxa5 56.bxa5 Kd6 57.Kd3 Ke5
58.Kc4 Kd6 59.Kd4 Rh4+ 60.Ke3 Rh8 61.Kf4 Rb8 62.Kf5 Rd8 63.Kf6 Rb8 64.Kg7 Ke7
65.Bf5 Kd6 66.Be4 Ke7 67.Bd3 Rd8 68.Bxa6  1-0

[Event "Czerniak mem"]
[Site "Tel Aviv"]
[Date "1996.??.??"]
[Round "1"]
[White "Kanstler, Boris"]
[Black "Gofshtein, Leonid D"]
[Result "1/2-1/2"]
[WhiteElo "2475"]
[BlackElo "2540"]

1.Nf3 d6 2.d4 Nf6 3.c4 g6 4.Nc3 Bg7 5.e4 O-O 6.Be2 e5 7.O-O Nc6 8.d5 Ne7
9.Nd2 Ne8 10.b4 f5 11.c5 Kh8 12.Nc4 fxe4 13.Bg5 Nf6 14.Bxf6 Bxf6 15.Nxe4 Nf5
16.Bg4 Be7 17.Qd2 Bd7 18.a4 Nd4 19.Bxd7 Qxd7 20.Rae1 Rf4 21.f3 Rd8 22.b5 g5
23.Qd3 Qe8  1/2-1/2

[Event "Tel Aviv Cup rapid"]
[Site "Tel Aviv"]
[Date "1996.??.??"]
[Round "3"]
[White "Huzman, Alexander"]
[Black "Mikhalevski, Victor"]
[Result "1-0"]
[WhiteElo "2570"]
[BlackElo "2495"]

1.Nf3 Nf6 2.c4 g6 3.Nc3 Bg7 4.e4 d6 5.d4 O-O 6.Be2 e5 7.O-O Nc6 8.d5 Ne7
9.Nd2 c5 10.Rb1 Ne8 11.b4 b6 12.bxc5 dxc5 13.a4 Bd7 14.a5 Nd6 15.Qb3 Rb8
16.axb6 axb6 17.Nf3 h6 18.Bb2 f5 19.Bd3 f4 20.Nb5 Nf7 21.Ra1 g5 22.Ra7 Nc8
23.Ra6 g4 24.Nd2 f3 25.g3 Ng5 26.Na7 Nh3+ 27.Kh1 Nd6 28.Bc3 h5 29.Qb2 Re8
30.Nb1 h4 31.Na3 Qf6 32.Nc6 Bxc6 33.dxc6 hxg3 34.fxg3 Rf8 35.Nb5 f2 36.Qe2 Nxb5
37.cxb5 Qf3+ 38.Qxf3 Rxf3 39.Bc4+ Kh7 40.Bb2 Ng5 41.Ra7 Re8 42.Rd7 Nxe4 43.c7  1-0

[Event "GRE-chT"]
[Site "Thessaloniki"]
[Date "1996.??.??"]
[Round "1"]
[White "Petraki, Maria"]
[Black "Papadopoulou, Triantafilia"]
[Result "1-0"]
[WhiteElo "2120"]
[BlackElo "2010"]

1.d4 Nf6 2.c4 g6 3.Nc3 Bg7 4.e4 d6 5.Be2 O-O 6.Nf3 e5 7.O-O Nc6 8.d5 Ne7
9.Nd2 a5 10.a3 Bd7 11.b3 c6 12.Rb1 b5 13.dxc6 b4 14.Nd5 Nxc6 15.Bb2 Be6 16.Kh1 Nd7
17.f4 Nc5 18.f5 Bxd5 19.cxd5 Nd4 20.Bc4 Re8 21.Qg4 Rc8 22.a4 Kh8 23.Nf3 gxf5
24.exf5 Bf6 25.Bc1 Rg8 26.Qh5 Qe7 27.Bd2 Rc7 28.Rbe1 Qd8 29.h4 Nxf3 30.Rxf3 e4
31.Rh3 Be5 32.g4 Qc8 33.Rf1 Qe8 34.g5 Qc8 35.Qg4 Re8 36.h5 Rg8 37.g6 fxg6
38.hxg6 Rcg7 39.Qh5  1-0

[Event "Tilburg Fontys"]
[Site "Tilburg"]
[Date "1996.??.??"]
[Round "1"]
[White "Piket, Jeroen"]
[Black "Gelfand, Boris"]
[Result "1/2-1/2"]
[WhiteElo "2580"]
[BlackElo "2665"]

1.d4 Nf6 2.c4 g6 3.Nc3 Bg7 4.e4 d6 5.Nf3 O-O 6.Be2 e5 7.O-O Nc6 8.d5 Ne7
9.Nd2 a5 10.a3 Bd7 11.b3 c6 12.Bb2 c5 13.Nb5 Ne8 14.b4 b6 15.bxc5 bxc5 16.a4 f5
17.Ra3 Bh6 18.f3 Bc8 19.Re1 Nf6 20.Bd3 fxe4 21.Nxe4 Nf5 22.Bc1 Bf4 23.Nxf6+ Qxf6
24.Bxf4 exf4 25.Bxf5 Bxf5  1/2-1/2

[Event "CRO-chT"]
[Site "Tucepi"]
[Date "1996.??.??"]
[Round "?"]
[White "Tukmakov, Vladimir B"]
[Black "Hulak, Krunoslav"]
[Result "1-0"]
[WhiteElo "2595"]
[BlackElo "2545"]

1.d4 Nf6 2.c4 g6 3.Nc3 Bg7 4.e4 d6 5.Be2 O-O 6.Nf3 e5 7.O-O Nc6 8.d5 Ne7
9.b4 Nh5 10.Re1 f5 11.Ng5 Nf6 12.Bf3 h6 13.Ne6 Bxe6 14.dxe6 c6 15.Bb2 fxe4
16.Bxe4 d5 17.cxd5 cxd5 18.Bc2 Qd6 19.Bb3 Qxe6 20.Na4 e4 21.Nc5 Qf5 22.f3 Kh7
23.fxe4 Nxe4 24.Bxg7 Qf2+ 25.Kh1 Kxg7 26.Ne6+ Kh8 27.Nxf8 Rxf8 28.Bc2 Nc3
29.Qd3 Ne4 30.Qd1 Nc3 31.Qc1 Ne2 32.Qxh6+ Kg8 33.Bxg6 Rf6 34.Bh7+ Kh8 35.Qh5 Nf4
36.Qe8+ Kxh7 37.Rxe7+ Kh6 38.Qh8+ Kg5 39.Re5+ Kg4 40.Qc8+ Kh4 41.g3+  1-0

[Event "CRO-chT2"]
[Site "Tucepi"]
[Date "1996.??.??"]
[Round "?"]
[White "Berebora, Ferenc"]
[Black "Bubalovic, Davorin"]
[Result "1-0"]
[WhiteElo "2395"]
[BlackElo "2315"]

1.d4 Nf6 2.c4 g6 3.Nc3 Bg7 4.e4 d6 5.Nf3 O-O 6.Be2 e5 7.O-O Nc6 8.d5 Ne7
9.b4 Nh5 10.Re1 h6 11.Nd2 Nf4 12.Bf1 c6 13.dxc6 Nxc6 14.b5 Nd4 15.Nb3 Nfe6
16.Nd5 f5 17.Bd3 f4 18.f3 Rf7 19.Bb2 Qg5 20.Kh1 h5 21.b6 a6 22.Bxd4 exd4
23.c5 dxc5 24.Rc1 Bf8 25.Bc4 Qe5 26.Nc7 Rb8 27.a4 Bd7 28.a5 Rf6 29.Bd5 Kh8
30.Nxe6 Rxe6 31.Nxc5 Bxc5 32.Rxc5 Bc6 33.Qc1 Bxd5 34.Rxd5 Qg7 35.Qxf4 Rc8
36.e5 d3 37.Qd4 Rce8 38.h3 Kh7 39.f4 Qf7 40.g3 Qf5 41.Kg2 Rc6 42.e6 Qf8 43.Qxd3 Qb4
44.Rxh5+ Kg7 45.Rhe5 Rc3 46.Qe4 Qa3 47.Rg5  1-0

[Event "CRO-chT"]
[Site "Tucepi"]
[Date "1996.??.??"]
[Round "?"]
[White "Kovacevic, Blazimir"]
[Black "Zelenika, Srdjan"]
[Result "1-0"]
[WhiteElo "2300"]
[BlackElo "2300"]

1.d4 Nf6 2.Nf3 g6 3.c4 Bg7 4.Nc3 O-O 5.e4 d6 6.Be2 e5 7.O-O Nc6 8.d5 Ne7
9.Ne1 Nd7 10.f3 f5 11.g4 Kh8 12.Be3 Ng8 13.Nd3 a6 14.Qd2 f4 15.Bf2 h5 16.h3 Bf6
17.Qe1 hxg4 18.hxg4 Kg7 19.Kg2 Nh6 20.c5 Bg5 21.Rh1 Nf6 22.Qd1 Bd7 23.b4 Qe7
24.a4 Rf7 25.Nb1 Raf8 26.Nd2 Qd8 27.Rb1 Bc8 28.b5 axb5 29.axb5 Qd7 30.Kf1 Nfxg4
31.fxg4 f3 32.Bxf3 Qe7 33.Ke1 Ng8 34.Be2 Rf6 35.Nf3 R6f7 36.Nxg5 Qxg5 37.Qc1 Qe7
38.g5 Qd8 39.Qe3  1-0

[Event "Tuebingen-ch55"]
[Site "Tuebingen"]
[Date "1996.??.??"]
[Round "?"]
[White "Funke, Detlev"]
[Black "Loseries, Uwe"]
[Result "1/2-1/2"]
[WhiteElo "2010"]
[BlackElo "2080"]

1.c4 g6 2.Nc3 Bg7 3.Nf3 d6 4.d4 Nf6 5.e4 O-O 6.Be2 e5 7.O-O Nc6 8.d5 Ne7
9.Nd2 c6 10.Rb1 Nd7 11.b4 a5 12.a3 f5 13.f3 Bh6 14.Kh1 Nf6 15.Nb3 Bxc1 16.Qxc1 axb4
17.axb4 Kh8 18.Ra1 Rxa1 19.Qxa1 Qb6 20.b5 Kg8 21.c5 Qd8 22.dxc6 bxc6 23.Rd1 d5
24.exd5 cxd5 25.Qa5 Qe8 26.c6 d4 27.Bc4+ Kh8 28.Na2 Nxc6 29.bxc6 Qxc6 30.Qc5 Qxc5
31.Nxc5 Bd7 32.f4 Rc8 33.Nxd7 Nxd7 34.Be6 Rd8 35.Bxd7 Rxd7 36.fxe5 Rd5 37.Kg1 Kg7
38.Nb4 Rxe5 39.Nc6 Rc5 40.Nxd4 Kf6 41.Nf3 Rc6 42.h4 h6 43.Rd8 Ra6 44.Kh2 Rb6
45.Rc8 Rd6 46.Kh3 Ra6 47.Nd4 Ra3+ 48.Kh2 Ra4 49.Rc6+ Kf7 50.Nf3 Kg7 51.Kg3 Re4
52.Rb6 Re2 53.Ng1 Re4 54.Nh3 Rg4+  1/2-1/2

[Event "Tuebingen-ch55"]
[Site "Tuebingen"]
[Date "1996.??.??"]
[Round "?"]
[White "Von Auer, Ulrich"]
[Black "Sonnberger, Reinhard"]
[Result "0-1"]
[WhiteElo "1900"]
[BlackElo "2090"]

1.d4 Nf6 2.c4 g6 3.Nf3 Bg7 4.e4 d6 5.Nc3 O-O 6.Be2 e5 7.O-O Nc6 8.d5 Ne7
9.Ne1 Nd7 10.Nd3 f5 11.Bd2 Nf6 12.f3 f4 13.g4 fxg3 14.hxg3 Nh5 15.Kg2 Kh8
16.Rh1 Ng8 17.Be3 Bd7 18.Qd2 Qe7 19.Rh2 Rf7 20.Rah1 Bf8 21.f4 Nhf6 22.fxe5 dxe5
23.Bc5 Qxc5 24.Nxc5 Bxc5 25.Rf1 Raf8 26.Rhh1 Kg7 27.Bf3 h5 28.Qg5 Bd4 29.Nd1 Nh7
30.Qxg6+ Kxg6 31.Bxh5+ Kg7 32.Rxf7+ Rxf7 33.Bxf7 Ngf6 34.Bh5 Nxe4 35.Be2 a5
36.Rxh7+ Kxh7 37.Bd3 Bf5  0-1

[Event "Ubeda op"]
[Site "Ubeda"]
[Date "1996.??.??"]
[Round "?"]
[White "Sherbakov, Ruslan"]
[Black "Georgiev, Vladimir"]
[Result "1/2-1/2"]
[WhiteElo "2565"]
[BlackElo "2435"]

1.d4 Nf6 2.c4 g6 3.Nc3 Bg7 4.e4 d6 5.Be2 O-O 6.Nf3 e5 7.O-O Nc6 8.d5 Ne7
9.Nd2 a5 10.a3 Bd7 11.b3 c6 12.Bb2 Qb8 13.Kh1 Ne8 14.Na4 Qa7 15.dxc6 bxc6
16.b4 f5 17.c5 fxe4 18.cxd6 Nxd6 19.Nc5 Rad8 20.Nc4 Nxc4 21.Bxc4+ Kh8 22.Qe2 Nd5
23.Nxd7 Rxd7 24.bxa5 Qxa5 25.Qxe4 Rf4 26.Qc2 Nb6 27.Bb3 Rd2 28.Bc3 Rxc2 29.Bxa5 Rcxf2
30.Rxf2 Rxf2 31.Bxb6 Rb2 32.a4 Rxb3 33.a5 e4 34.Rd1 Rd3 35.Rc1 Bb2 36.Rb1 e3
37.Kg1 Bd4 38.Bxd4+ Rxd4 39.Re1 Rd3 40.Kf1 Ra3 41.Rc1 Rxa5 42.Rxc6 Rf5+ 43.Kg1 Ra5
44.Kf1 Ra1+ 45.Ke2 Rg1 46.g3 Rg2+ 47.Kxe3 Kg7 48.Rc7+ Kh6 49.Kf4 Rf2+ 50.Kg4 Rxh2
51.Kf3 Ra2 52.g4 Kg5 53.Rxh7 Ra3+ 54.Kg2 Kxg4 55.Rb7 Ra2+ 56.Kf1 g5 57.Rb4+ Kh3
58.Rb3+ Kh4 59.Rb4+ g4 60.Rb3 Ra1+ 61.Kg2 Ra2+ 62.Kg1 Re2 63.Ra3 Re4 64.Kg2 Rb4
65.Ra2 Rb3 66.Rc2 Rg3+ 67.Kh2 Re3 68.Kg2 Kg5 69.Ra2 Kf4 70.Ra4+ Re4 71.Rxe4+ Kxe4
72.Kg3 Kf5 73.Kg2 Kf4 74.Kf2 g3+ 75.Kg2 Kg4 76.Kg1 Kf3 77.Kf1 g2+ 78.Kg1 Kg3  1/2-1/2

[Event "Ubeda op"]
[Site "Ubeda"]
[Date "1996.??.??"]
[Round "?"]
[White "Pogorelov, Ruslan"]
[Black "Hernandez, Gilberto"]
[Result "1/2-1/2"]
[WhiteElo "2440"]
[BlackElo "2555"]

1.Nf3 Nf6 2.c4 g6 3.Nc3 Bg7 4.e4 d6 5.d4 O-O 6.Be2 e5 7.O-O Nc6 8.d5 Ne7
9.Ne1 Nd7 10.Be3 f5 11.f3 f4 12.Bf2 g5 13.a4 Ng6 14.a5 Rf7 15.c5 Nxc5 16.Bxc5 dxc5
17.Bc4 Kh8 18.a6 Bf8 19.axb7 Bxb7 20.Ra5 Bd6 21.Nd3 Qe7 22.Na4 Rg8 23.Naxc5 Bc8
24.Ne6 h5 25.Nf2 Nf8 26.h3 Nxe6 27.dxe6 Rfg7 28.Qd5 Rg6 29.Qc6 Bxe6 30.Bxe6 Rxe6
31.Qc4 Rb8 32.Nd3 Rg6 33.Qc3 Re8 34.Kf2 Kh7  1/2-1/2

[Event "Paks GM"]
[Site "Ungarn"]
[Date "1996.??.??"]
[Round "?"]
[White "Vukanovic, Sasa"]
[Black "Molnar, Bela"]
[Result "0-1"]
[WhiteElo "2360"]
[BlackElo "2360"]

1.Nf3 g6 2.c4 Bg7 3.e4 d6 4.d4 Nf6 5.Nc3 O-O 6.Be2 e5 7.O-O Nc6 8.d5 Ne7
9.b4 Nh5 10.c5 Nf4 11.Nd2 f5 12.f3 Kh8 13.Nc4 Ng8 14.Kh1 Nf6 15.Be3 N6h5
16.Qe1 Nxe2 17.Qxe2 f4 18.Bf2 Rg8 19.cxd6 cxd6 20.Nb5 Bf8 21.Rfc1 b6 22.a4 Ba6
23.Nc3 g5 24.b5 Bc8 25.a5 Rb8 26.axb6 axb6 27.Na4 g4 28.Ncxb6 g3 29.Rxc8 Rxc8
30.Nxc8 gxf2 31.Qxf2 Qxc8 32.b6 Be7 33.Qb2 Qd7 34.b7 Rb8 35.Nc5 Qc7 36.Ne6 Qc4
37.Kg1 Nf6 38.Rc1 Rxb7 39.Rxc4 Rxb2 40.Rc7 Ng8 41.g3 fxg3 42.hxg3 h6 43.Rd7 Kh7
44.f4 Kg6 45.fxe5 dxe5 46.d6 Bf6 47.Rc7 Rb6 48.Rd7 Kh5 49.Nc7 Rb7 50.Kf2 Kg6
51.Kf3 h5 52.Ke3 Nh6 53.Kd3 Nf7 54.Kc4 Nxd6+  0-1

[Event "CZE-ch U20"]
[Site "Usti nad Labem"]
[Date "1996.??.??"]
[Round "9"]
[White "Neumann, Peter"]
[Black "Jirovsky, Petr"]
[Result "0-1"]
[WhiteElo "2215"]
[BlackElo "2275"]

1.d4 Nf6 2.c4 g6 3.Nc3 Bg7 4.e4 d6 5.Nf3 O-O 6.Be2 e5 7.O-O Nc6 8.Be3 exd4
9.Nxd4 Re8 10.f3 Nh5 11.f4 Nf6 12.Bf3 Bg4 13.Nxc6 Bxf3 14.Qxf3 bxc6 15.Bf2 Qd7
16.Rfe1 Qg4 17.e5 Qxf3 18.gxf3 dxe5 19.fxe5 Nh5 20.Bd4 Nf4 21.Rad1 Ne6 22.Bf2 Ng5
23.Kg2 Rxe5 24.Rxe5 Bxe5 25.Bg3 Bxg3 26.hxg3 Ne6 27.Ne4 Kg7 28.Rd7 a5 29.b3 a4
30.b4 a3 31.Rd3 Ra4 32.Rb3 Nd4 33.Nc3 Ra8 34.Rb1 Nc2 35.Kf2 Rd8 36.Ke2 Nd4+
37.Ke3 Nf5+ 38.Ke2 Nxg3+ 39.Kf2 Nf5 40.Ne4 Rd4 41.Rc1 h5  0-1

[Event "Vantaa We op3"]
[Site "Vantaa"]
[Date "1996.??.??"]
[Round "1"]
[White "Veingold, Aleksandr"]
[Black "Kiltti, Jyrki"]
[Result "1-0"]
[WhiteElo "2425"]
[BlackElo "2235"]

1.d4 Nf6 2.Nf3 g6 3.c4 Bg7 4.Nc3 O-O 5.e4 d6 6.Be2 e5 7.O-O Nc6 8.d5 Ne7
9.b4 a5 10.Ba3 Nd7 11.bxa5 Rxa5 12.Bb4 Ra6 13.Nd2 f5 14.a4 Nc5 15.a5 b6 16.axb6 Rxa1
17.Qxa1 cxb6 18.Rb1 fxe4 19.Bxc5 bxc5 20.Ndxe4 Nf5 21.Rb8 Qc7 22.Qa8 Nd4
23.Bd3 Bd7 24.Nf6+ Kf7 25.Rxf8+ Bxf8 26.Nxh7 Be7 27.Ne4 Bf5 28.Neg5+ Kg7
29.Bxf5 gxf5 30.Qe8 Bxg5 31.Nxg5 Kf6 32.h4 Qe7 33.Qg8 Qg7 34.Qc8 e4 35.Ne6 Qh6
36.Qd8+ Ke5 37.Ng5 Qf6 38.Qe8+ Kf4 39.Qh5 Qg7 40.g3+ Ke5 41.Qe8+ Kf6 42.Kg2 Qe7
43.Qh8+ Kg6 44.Qg8+ Kh5 45.Ne6 Qf6 46.Qh7+ Kg4 47.Nf4  1-0

[Event "Velden op"]
[Site "Velden"]
[Date "1996.??.??"]
[Round "2"]
[White "Sulava, Nenad"]
[Black "Pilaj, Herwig"]
[Result "1-0"]
[WhiteElo "2430"]
[BlackElo "2170"]

1.d4 Nf6 2.Nf3 g6 3.c4 Bg7 4.Nc3 O-O 5.e4 d6 6.Be2 e5 7.O-O Nc6 8.d5 Ne7
9.Ne1 Nd7 10.Be3 f5 11.f3 f4 12.Bf2 g5 13.a4 Nf6 14.c5 Rf7 15.cxd6 cxd6 16.a5 h5
17.Nb5 g4 18.Bxa7 g3 19.Bb6 gxh2+ 20.Kxh2 Qd7 21.Nc7 Ng6 22.Nxa8 Bf8 23.Rc1  1-0

[Event "Vienna op"]
[Site "Vienna"]
[Date "1996.??.??"]
[Round "1"]
[White "Epishin, Vladimir"]
[Black "Danailov, Silvio"]
[Result "1/2-1/2"]
[WhiteElo "2620"]
[BlackElo "2455"]

1.d4 Nf6 2.c4 g6 3.Nc3 Bg7 4.e4 d6 5.Nf3 O-O 6.Be2 e5 7.O-O Nc6 8.d5 Ne7
9.b4 Nh5 10.Re1 f5 11.Ng5 Nf6 12.Bf3 fxe4 13.Ncxe4 Nf5 14.Nxf6+ Bxf6 15.Ne4 Nd4
16.Be3 Nxf3+ 17.Qxf3 Bg7 18.Qe2 Bf5 19.Bg5 Qd7 20.Qd2 a5 21.b5 b6 22.f3 Rf7
23.Rab1 Qc8 24.Rb3 Qf8 25.Qf2 Bh6 26.Qh4 Bxg5 27.Nxg5 Re7 28.Ne4 Bxe4 29.Rxe4 Rf7
30.Rbe3 Rf5 31.Rg4 Qg7 32.Qg3 Raf8 33.h4 Qf6 34.Ree4 Kh8 35.Rg5 Rf4 36.Rg4 Rf5
37.Rg5 Rf4 38.Rg4 Rf5 39.Rg5  1/2-1/2

[Event "Vienna op"]
[Site "Vienna"]
[Date "1996.??.??"]
[Round "4"]
[White "Huzman, Alexander"]
[Black "Voekler, Bernd"]
[Result "1-0"]
[WhiteElo "2575"]
[BlackElo "2385"]

1.Nf3 Nf6 2.c4 g6 3.Nc3 Bg7 4.e4 d6 5.d4 O-O 6.Be2 e5 7.O-O Nc6 8.d5 Ne7
9.Ne1 Ne8 10.Be3 f5 11.f3 f4 12.Bf2 h5 13.a4 g5 14.c5 Rf6 15.Rc1 Rg6 16.Nb5 g4
17.cxd6 cxd6 18.Kh1 g3 19.Bg1 a6 20.Na3 Rb8 21.a5 Qxa5 22.Nc4 Qd8 23.Bb6 Qd7
24.Ba7 b5 25.Bxb8 bxc4 26.Bxc4 Kh7 27.Qb3 Ng8 28.Bd3 gxh2 29.Qb6 h4 30.Qc6 Ne7
31.Qxd7 Bxd7 32.Bxa6 h3 33.gxh3 Bf6 34.Rf2 Bh4 35.Rxh2 Nf6 36.Nd3 Nh5 37.Rg2 Ng3+
38.Kh2 Bxh3 39.Kxh3 Rh6 40.Rh2 Ngf5 41.Kg2  1-0

[Event "Vienna op"]
[Site "Vienna"]
[Date "1996.??.??"]
[Round "7"]
[White "Ftacnik, Lubomir"]
[Black "Kindermann, Stefan"]
[Result "1/2-1/2"]
[WhiteElo "2610"]
[BlackElo "2530"]

1.d4 Nf6 2.Nf3 g6 3.c4 Bg7 4.Nc3 d6 5.e4 O-O 6.Be2 e5 7.O-O Nc6 8.d5 Ne7
9.Nd2 a5 10.Rb1 Bd7 11.a3 a4 12.b4 axb3 13.Nxb3 b6 14.Ra1 Qe8 15.Bb2 Kh8
16.g3 Nfg8 17.f4 f5 18.Qd2 exf4 19.gxf4 fxe4 20.Nxe4 Nf5 21.Bd3 Qe7 22.Ng3 Qe3+
23.Qxe3 Nxe3 24.Bxg7+ Kxg7 25.Rf3 Rae8 26.Nd4 Bg4 27.Rf2 Nd1 28.Rf1 Ne3 29.Rf2 Nd1
30.Rf1 Ne3  1/2-1/2

[Event "Siembra Villa Ballester op"]
[Site "Villa Ballester"]
[Date "1996.??.??"]
[Round "6"]
[White "Sorokin, Maxim"]
[Black "Fiorito, Fabian"]
[Result "1-0"]
[WhiteElo "2560"]
[BlackElo "2455"]

1.d4 Nf6 2.c4 g6 3.Nc3 Bg7 4.e4 d6 5.Nf3 O-O 6.Be2 e5 7.O-O Nc6 8.d5 Ne7
9.b4 a5 10.bxa5 Rxa5 11.Nd2 Nd7 12.Nb3 Ra8 13.a4 f5 14.a5 Kh8 15.Ba3 Nf6
16.f3 Bh6 17.c5 Be3+ 18.Kh1 f4 19.Qe1 Nh5 20.Nd1 Nxd5 21.exd5 Ng3+ 22.hxg3 Qg5
23.Nxe3 fxg3 24.Qxg3 Qxg3 25.cxd6 Rf4 26.dxc7 e4 27.Nd2 Qg5 28.Bc5 Rh4+ 29.Kg1 Qh5
30.Kf2 exf3 31.Nxf3 Rf4 32.Kg1 Bd7 33.Rfb1 Bc6  1-0

[Event "Villalba op"]
[Site "Villalba"]
[Date "1996.??.??"]
[Round "3"]
[White "Ferreiro, Manuel"]
[Black "Torres Kuckel, Rafael"]
[Result "0-1"]
[WhiteElo "2245"]
[BlackElo "2270"]

1.d4 Nf6 2.Nf3 g6 3.c4 Bg7 4.Nc3 O-O 5.e4 d6 6.Be2 e5 7.O-O Nc6 8.d5 Ne7
9.Ne1 Nd7 10.Nd3 f5 11.Bd2 f4 12.Rc1 g5 13.b4 Nf6 14.f3 Ng6 15.c5 Rf7 16.Nf2 h5
17.a4 Bf8 18.Nb5 a6 19.Na3 g4 20.cxd6 g3 21.Nd3 Ne8 22.Be1 Qh4 23.hxg3 fxg3
24.Bxg3 Qxg3 25.dxc7 Nh4 26.Rf2 Bh6 27.f4 Rxf4 28.Nxf4 Bxf4 29.Bf3 Be3 30.Rc2 Bg4
31.Bxg4 Qxg2+  0-1

[Event "LTU-ch"]
[Site "Vilnius"]
[Date "1996.??.??"]
[Round "1"]
[White "Sakalauskas, Vaidas"]
[Black "Kybarts, Alvydas"]
[Result "1-0"]
[WhiteElo "2320"]
[BlackElo "2100"]

1.d4 Nf6 2.c4 g6 3.Nc3 Bg7 4.e4 d6 5.Be2 O-O 6.Nf3 e5 7.O-O Nc6 8.d5 Ne7
9.Ne1 Ne8 10.Nd3 f5 11.f4 Nf6 12.fxe5 Nxe4 13.Nxe4 fxe4 14.exd6 Qxd6 15.Rxf8+ Kxf8
16.Nf2 Qb6 17.Qb3 Bd4 18.Qxb6 axb6 19.Kf1 Bxf2 20.Kxf2 c6 21.dxc6 bxc6 22.Bf4 Ba6
23.Bc7 b5 24.cxb5 Bxb5 25.Bd6 Kf7 26.Bxe7 Kxe7 27.Bxb5 cxb5 28.Ke3 Rc8 29.Rd1 Ra8
30.a3 b4 31.axb4 Ra4 32.Rd4 Ra2 33.Rd2 Ra4 34.Kxe4 Rxb4+ 35.Kd3 Rb8 36.Kc2 Rc8+
37.Kb1 Ke6 38.b3 Ke5 39.Kb2 Ke4 40.b4 Ke3 41.Rd7 h5 42.Kb3 Kf2 43.Rd2+ Ke3
44.Rd6 g5 45.Rd5 Kf4 46.b5 h4 47.Rd4+ Kf5 48.b6 Rb8 49.Rb4 Ke6 50.Kc4 Kd6
51.Kb5  1-0

[Event "LTU-ch"]
[Site "Vilnius"]
[Date "1996.??.??"]
[Round "3"]
[White "Bilinskas, Rajmundas"]
[Black "Juodeika, Rytis"]
[Result "1-0"]
[WhiteElo "2260"]
[BlackElo "2200"]

1.d4 Nf6 2.c4 g6 3.Nc3 Bg7 4.e4 d6 5.Be2 O-O 6.Nf3 e5 7.O-O Nc6 8.d5 Ne7
9.Ne1 Nd7 10.Be3 f5 11.f3 f4 12.Bf2 g5 13.a4 a5 14.Nd3 b6 15.Nb5 Nf6 16.b4 axb4
17.Qb3 g4 18.c5 g3 19.hxg3 Nh5 20.gxf4 exf4 21.cxd6 cxd6 22.Rad1 Ng6 23.Rfe1 Qg5
24.Nxd6 Ng3 25.Nxc8 Qh4 26.Bxb6 Qh1+ 27.Kf2 Qh2 28.Ne7+ Kh8 29.Nxg6+ hxg6
30.d6 Rae8 31.Qd5 Bf6 32.Bd4 Qh4 33.Bxf6+ Rxf6 34.Kg1 Qh1+ 35.Kf2 Qh4 36.d7 Rd8
37.Kg1 Qh1+ 38.Kf2 Qh4 39.e5 Rf5 40.Kg1 Rh5 41.Nxf4 Qxf4 42.Qd4 Qxd4+ 43.Rxd4 Rxe5
44.Kf2 Nf5 45.Re4 Rxe4 46.fxe4 Nd4 47.Bg4 Rf8+ 48.Kg3 b3 49.e5 b2 50.Rb1 Rb8
51.Rxb2  1-0

[Event "LTU-ch"]
[Site "Vilnius"]
[Date "1996.??.??"]
[Round "3"]
[White "Grabliauskas, Virginijus"]
[Black "Lapienis, Donatas"]
[Result "1/2-1/2"]
[WhiteElo "2405"]
[BlackElo "2335"]

1.d4 Nf6 2.c4 g6 3.Nc3 Bg7 4.e4 d6 5.Nf3 O-O 6.Be2 e5 7.O-O Nc6 8.d5 Ne7
9.b4 Nh5 10.Re1 f5 11.Ng5 Nf6 12.f3 Ne8 13.c5 Bf6 14.Bc4 Kg7 15.Ne6+ Bxe6
16.dxe6 c6 17.Bb2 Qc7 18.Qe2 Rd8 19.Rad1 f4 20.Qf2 Nc8 21.Rd2 Qe7 22.Red1 Nc7
23.cxd6 Rxd6 24.Rxd6 Nxd6 25.Qxa7 Nxe6 26.Bxe6 Qxe6  1/2-1/2

[Event "JUG-chT"]
[Site "Vrnjacka Banja"]
[Date "1996.??.??"]
[Round "?"]
[White "Jovic, Aleksandar"]
[Black "Bulajic, Ratko"]
[Result "1-0"]
[WhiteElo "2375"]
[BlackElo "2270"]

1.c4 d6 2.d4 Nf6 3.Nc3 g6 4.e4 Bg7 5.Be2 O-O 6.Nf3 e5 7.O-O Nc6 8.d5 Ne7
9.Ne1 Nd7 10.Be3 f5 11.f3 f4 12.Bf2 g5 13.Nb5 b6 14.b4 a6 15.Nc3 a5 16.bxa5 Rxa5
17.Nd3 Nf6 18.Be1 Bd7 19.a4 Ra8 20.Nb5 h5 21.a5 bxa5 22.Rxa5 Rxa5 23.Bxa5 Ne8
24.Qb3 g4 25.c5 g3 26.h3 Bxh3 27.gxh3 Qc8 28.Kg2 Ng6 29.Rh1 Nh4+ 30.Kg1 Nf6
31.Ne1 Nh7 32.Nxc7 Ng5 33.Ng2 Nxh3+ 34.Kf1 Ng6 35.Ba6 Qd8 36.Rxh3 h4 37.Qb5 Qg5
38.Ne6 Qh5 39.Ne1 g2+ 40.Kxg2 Rf6 41.Bd8 Ne7 42.Bxe7 Rg6+ 43.Kh2  1-0